[Event "European Individual Chess Championship 2017"]
[Site "?"]
[Date "2017.06.09"]
[Round "10.82"]
[White "Pavlov, Sergey"]
[Black "Harutyunian, Tigran K."]
[Result "1/2-1/2"]
[BlackElo "2523"]
[WhiteElo "2432"]
[LiveChessVersion "1.4.8"]

1. c4 {[%clk 1:30:58]} c6 {[%clk 1:29:32]} 2. e4 {[%clk 1:30:30]} d5
{[%clk 1:29:36]} 3. exd5 {[%clk 1:30:38]} cxd5 {[%clk 1:29:52]} 4. d4
{[%clk 1:30:58]} Nf6 {[%clk 1:30:08]} 5. Nc3 {[%clk 1:31:18]} e6 {[%clk 1:30:33]}
6. Nf3 {[%clk 1:31:24]} Bb4 {[%clk 1:30:15]} 7. cxd5 {[%clk 1:31:10]} Nxd5
{[%clk 1:30:31]} 8. Bd2 {[%clk 1:31:00]} Nc6 {[%clk 1:30:29]} 9. Bd3
{[%clk 1:31:05]} Be7 {[%clk 1:30:22]} 10. a3 {[%clk 1:21:09]} O-O
{[%clk 1:28:45]} 11. O-O {[%clk 1:21:30]} Nf6 {[%clk 1:27:52]} 12. Bg5
{[%clk 1:19:45]} b6 {[%clk 1:15:49]} 13. Re1 {[%clk 1:15:43]} Bb7
{[%clk 1:15:25]} 14. Bc2 {[%clk 1:15:14]} Rc8 {[%clk 1:12:23]} 15. Qd3
{[%clk 1:10:27]} g6 {[%clk 1:10:57]} 16. h4 {[%clk 1:09:09]} Na5 {[%clk 0:53:55]}
17. Ne5 {[%clk 0:58:11]} Nd5 {[%clk 0:53:36]} 18. Qg3 {[%clk 0:30:27]} Nc4
{[%clk 0:27:36]} 19. Be4 {[%clk 0:25:49]} Bxg5 {[%clk 0:16:37]} 20. hxg5
{[%clk 0:24:29]} Nxb2 {[%clk 0:10:44]} 21. Bxd5 {[%clk 0:17:12]} exd5
{[%clk 0:11:13]} 22. Nb5 {[%clk 0:13:30]} a6 {[%clk 0:07:57]} 23. Ng4
{[%clk 0:13:14]} Qxg5 {[%clk 0:06:59]} 24. Nd6 {[%clk 0:13:16]} h5
{[%clk 0:02:29]} 25. Nxc8 {[%clk 0:12:12]} Rxc8 {[%clk 0:02:04]} 26. Ne5
{[%clk 0:11:13]} Qxg3 {[%clk 0:01:37]} 27. fxg3 {[%clk 0:11:41]} Nc4
{[%clk 0:01:21]} 28. Rab1 {[%clk 0:04:27]} b5 {[%clk 0:01:22]} 29. a4
{[%clk 0:04:47]} Na3 {[%clk 0:00:51]} 30. Rbc1 {[%clk 0:04:23]} Nc2
{[%clk 0:00:49]} 31. Rf1 {[%clk 0:02:05]} bxa4 {[%clk 0:00:33]} 32. Rxf7
{[%clk 0:02:04]} Nxd4 {[%clk 0:00:31]} 33. Rd1 {[%clk 0:01:11]} Nc6
{[%clk 0:00:31]} 34. Rxb7 Nxe5 {[%clk 0:00:58]} 35. Rxd5 {[%clk 0:01:22]} Nf7
{[%clk 0:00:33]} 36. Ra7 {[%clk 0:01:20]} Rc1+ {[%clk 0:00:37]} 37. Kf2
{[%clk 0:00:47]} Rc2+ {[%clk 0:00:54]} 38. Ke3 {[%clk 0:00:48]} Rc3+
{[%clk 0:00:35]} 39. Kd4 {[%clk 0:00:59]} Rc6 {[%clk 0:00:33]} 40. Ra5
{[%clk 0:30:35]} Rd6+ {[%clk 0:30:31]} 41. Ke3 {[%clk 0:29:41]} Re6+
{[%clk 0:26:42]} 42. Kf2 {[%clk 0:29:25]} Rf6+ {[%clk 0:19:37]} 43. Kg1
{[%clk 0:29:12]} Kg7 {[%clk 0:17:10]} 44. R5xa6 {[%clk 0:28:33]} Rf5
{[%clk 0:17:27]} 45. Rxa4 {[%clk 0:28:12]} Kf6 {[%clk 0:17:31]} 46. Rf4
{[%clk 0:23:36]} Ne5 {[%clk 0:17:09]} 47. Rxf5+ {[%clk 0:21:53]} Kxf5
{[%clk 0:17:33]} 48. Kf2 {[%clk 0:21:57]} Ng4+ {[%clk 0:17:35]} 49. Ke2
{[%clk 0:22:08]} Ne5 {[%clk 0:16:48]} 50. Ra5 {[%clk 0:18:28]} Ke4
{[%clk 0:17:16]} 51. Rb5 {[%clk 0:17:47]} Ng4 {[%clk 0:16:56]} 52. Rb4+
{[%clk 0:16:08]} Kf5 {[%clk 0:16:56]} 53. Rf4+ {[%clk 0:16:08]} Kg5
{[%clk 0:17:14]} 54. Kf3 {[%clk 0:15:33]} Ne5+ {[%clk 0:16:59]} 55. Ke4
{[%clk 0:15:54]} Ng4 {[%clk 0:17:23]} 56. Rf8 {[%clk 0:15:11]} Nf6+
{[%clk 0:15:05]} 57. Kf3 {[%clk 0:15:32]} Ng4 {[%clk 0:15:19]} 58. Ra8
{[%clk 0:14:56]} Ne5+ {[%clk 0:13:23]} 59. Ke4 {[%clk 0:15:04]} Nf7
{[%clk 0:12:02]} 60. Ra6 {[%clk 0:14:48]} Nh6 {[%clk 0:08:24]} 61. Kf3
{[%clk 0:14:29]} Ng4 {[%clk 0:07:24]} 62. Ra5+ {[%clk 0:14:44]} Kh6
{[%clk 0:07:49]} 63. Kf4 {[%clk 0:14:08]} Nf2 {[%clk 0:08:13]} 64. Ra2
{[%clk 0:06:51]} Ng4 {[%clk 0:08:40]} 65. Ke4 {[%clk 0:06:29]} Kg5
{[%clk 0:08:57]} 66. Ra5+ {[%clk 0:03:04]} Kh6 {[%clk 0:09:24]} 67. Rb5
{[%clk 0:02:46]} Nf2+ {[%clk 0:09:25]} 68. Ke5 {[%clk 0:02:42]} Kg5
{[%clk 0:09:11]} 69. Ke6+ {[%clk 0:02:49]} Kg4 {[%clk 0:09:27]} 70. Kf6
{[%clk 0:03:12]} Kxg3 {[%clk 0:08:15]} 71. Rg5+ {[%clk 0:03:26]} Kh2
{[%clk 0:08:29]} 72. Rxg6 {[%clk 0:02:03]} h4 {[%clk 0:08:29]} 73. Kf5
{[%clk 0:01:58]} Nd3 {[%clk 0:06:45]} 74. Rd6 {[%clk 0:01:19]} Nf2
{[%clk 0:06:31]} 75. Rh6 {[%clk 0:01:11]} Kxg2 {[%clk 0:06:50]} 76. Rxh4
{[%clk 0:01:37]} Kf3 {[%clk 0:07:12]} 77. Ra4 {[%clk 0:01:32]} Nd3
{[%clk 0:07:31]} 78. Ra3 {[%clk 0:01:26]} Ke3 {[%clk 0:07:59]} 1/2-1/2

[Event "European Individual Chess Championship 2017"]
[Site "?"]
[Date "2017.06.09"]
[Round "10.83"]
[White "Plat, Vojtech"]
[Black "Podolchenko, Evgeniy"]
[Result "1-0"]
[BlackElo "2398"]
[WhiteElo "2522"]
[LiveChessVersion "1.4.8"]

1. d4 {[%clk 1:30:57]} Nf6 {[%clk 1:30:52]} 2. c4 {[%clk 1:31:23]} e6
{[%clk 1:31:18]} 3. g3 {[%clk 1:31:48]} d5 {[%clk 1:31:43]} 4. Bg2
{[%clk 1:32:07]} Be7 {[%clk 1:31:41]} 5. Nf3 {[%clk 1:32:27]} O-O
{[%clk 1:32:05]} 6. Nbd2 {[%clk 1:32:30]} Nbd7 {[%clk 1:29:40]} 7. O-O
{[%clk 1:32:53]} c6 {[%clk 1:30:03]} 8. Qc2 {[%clk 1:33:07]} b5 {[%clk 1:24:07]}
9. b3 {[%clk 1:32:14]} Ba6 {[%clk 1:23:01]} 10. c5 {[%clk 1:28:32]} b4
{[%clk 1:23:22]} 11. Re1 {[%clk 1:28:56]} e5 {[%clk 1:20:12]} 12. dxe5
{[%clk 1:29:06]} Ng4 {[%clk 1:19:04]} 13. Bb2 {[%clk 1:26:14]} Bxc5
{[%clk 1:16:02]} 14. e3 {[%clk 1:26:38]} Qb6 {[%clk 1:00:44]} 15. Bh3
{[%clk 1:20:09]} f5 {[%clk 0:52:51]} 16. Rac1 {[%clk 1:14:27]} Bb5
{[%clk 0:51:46]} 17. e6 {[%clk 1:04:19]} Bxe3 {[%clk 0:50:17]} 18. fxe3
{[%clk 1:04:46]} Nxe3 {[%clk 0:50:38]} 19. Qb1 {[%clk 1:05:12]} Nc2+
{[%clk 0:48:43]} 20. Kg2 {[%clk 1:02:52]} Nxe1+ {[%clk 0:49:05]} 21. Rxe1
{[%clk 1:03:19]} Nf6 {[%clk 0:49:13]} 22. e7 {[%clk 1:03:42]} Rfe8
{[%clk 0:49:05]} 23. Bxf6 {[%clk 1:04:07]} gxf6 {[%clk 0:49:28]} 24. Qxf5
{[%clk 1:04:33]} c5 {[%clk 0:49:33]} 25. Re6 {[%clk 1:04:43]} Bd7
{[%clk 0:49:16]} 26. Qxf6 {[%clk 1:05:09]} 1-0

[Event "European Individual Chess Championship 2017"]
[Site "?"]
[Date "2017.06.09"]
[Round "10.84"]
[White "Polivanov, Anatoliy"]
[Black "Dastan, Muhammed Batuhan"]
[Result "0-1"]
[BlackElo "2519"]
[WhiteElo "2401"]
[LiveChessVersion "1.4.8"]

1. d4 {[%clk 1:30:36]} d5 {[%clk 1:30:52]} 2. c4 {[%clk 1:30:52]} c6
{[%clk 1:31:17]} 3. Nf3 {[%clk 1:30:30]} Nf6 {[%clk 1:31:41]} 4. Nc3
{[%clk 1:30:22]} e6 {[%clk 1:31:58]} 5. Bg5 {[%clk 1:30:38]} h6 {[%clk 1:32:23]}
6. Bh4 {[%clk 1:29:41]} dxc4 {[%clk 1:32:48]} 7. e3 {[%clk 1:28:24]} b5
{[%clk 1:23:49]} 8. a4 {[%clk 1:28:46]} Qb6 {[%clk 1:15:29]} 9. Bxf6
{[%clk 1:28:23]} gxf6 {[%clk 1:15:13]} 10. axb5 {[%clk 1:28:49]} cxb5
{[%clk 1:15:11]} 11. d5 {[%clk 1:29:06]} e5 {[%clk 1:09:01]} 12. Be2
{[%clk 1:27:43]} Nd7 {[%clk 1:06:57]} 13. O-O {[%clk 1:25:58]} Nc5
{[%clk 1:04:32]} 14. Nh4 {[%clk 1:17:26]} f5 {[%clk 0:57:03]} 15. d6
{[%clk 1:13:08]} Bg7 {[%clk 0:47:43]} 16. b4 {[%clk 0:46:55]} Nb7
{[%clk 0:30:39]} 17. Bh5 {[%clk 0:30:16]} Nxd6 {[%clk 0:23:05]} 18. Qd5
{[%clk 0:26:22]} Rb8 {[%clk 0:15:40]} 19. Nxb5 {[%clk 0:24:01]} Qxb5
{[%clk 0:15:36]} 20. Qxd6 {[%clk 0:22:23]} Qb6 {[%clk 0:15:14]} 21. Qd5
{[%clk 0:10:36]} O-O {[%clk 0:13:14]} 22. Ng6 {[%clk 0:07:28]} Be6
{[%clk 0:12:44]} 23. Ne7+ {[%clk 0:07:50]} Kh7 {[%clk 0:12:29]} 24. Qf3
{[%clk 0:05:07]} Qb7 {[%clk 0:10:05]} 25. Qxb7 {[%clk 0:03:22]} Rxb7
{[%clk 0:10:32]} 26. Nc6 {[%clk 0:03:45]} Rb6 {[%clk 0:09:04]} 27. b5
{[%clk 0:03:21]} Rxb5 {[%clk 0:09:17]} 28. Rxa7 {[%clk 0:03:46]} Rc5
{[%clk 0:09:12]} 29. Nb4 {[%clk 0:03:23]} e4 {[%clk 0:08:56]} 30. Nc2
{[%clk 0:02:31]} f4 {[%clk 0:08:33]} 31. Bd1 {[%clk 0:02:12]} f3 {[%clk 0:08:17]}
32. Nd4 {[%clk 0:01:57]} Bxd4 {[%clk 0:04:41]} 33. exd4 {[%clk 0:02:20]} Rg5
{[%clk 0:05:09]} 34. g3 {[%clk 0:01:32]} Rd5 {[%clk 0:05:33]} 35. Bc2
{[%clk 0:01:08]} Rxd4 {[%clk 0:05:59]} 36. Re1 {[%clk 0:01:24]} Bf5
{[%clk 0:06:23]} 37. Ra5 {[%clk 0:00:38]} Bg6 {[%clk 0:06:37]} 38. h4
{[%clk 0:01:04]} Kg7 {[%clk 0:05:46]} 39. h5 {[%clk 0:00:51]} Bh7
{[%clk 0:06:05]} 40. Re5 {[%clk 0:30:35]} Kf6 {[%clk 0:33:21]} 41. Rc5
{[%clk 0:29:31]} Re8 {[%clk 0:32:00]} 42. Rb1 {[%clk 0:27:27]} Bf5
{[%clk 0:30:37]} 43. Rb6+ {[%clk 0:23:59]} Be6 {[%clk 0:30:13]} 44. g4
{[%clk 0:22:55]} Rg8 {[%clk 0:28:50]} 45. Rf5+ {[%clk 0:23:05]} Ke7
{[%clk 0:29:16]} 46. Rf4 {[%clk 0:22:59]} Bxg4 {[%clk 0:27:44]} 47. Kh2
{[%clk 0:22:16]} Be6 {[%clk 0:26:41]} 48. Rxe4 {[%clk 0:21:39]} Rd2
{[%clk 0:26:48]} 0-1

[Event "European Individual Chess Championship 2017"]
[Site "?"]
[Date "2017.06.09"]
[Round "10.85"]
[White "Abdulov, Orkhan"]
[Black "Moskalenko, Alexander"]
[Result "1-0"]
[BlackElo "2514"]
[WhiteElo "2388"]
[LiveChessVersion "1.4.8"]

1. d4 {[%clk 1:27:38]} Nf6 {[%clk 1:30:26]} 2. Nf3 {[%clk 1:24:33]} e6
{[%clk 1:30:08]} 3. e3 {[%clk 1:20:36]} b6 {[%clk 1:30:11]} 4. Bd3
{[%clk 1:21:03]} Bb7 {[%clk 1:29:10]} 5. b3 {[%clk 1:21:32]} c5 {[%clk 1:28:05]}
6. O-O {[%clk 1:21:37]} Be7 {[%clk 1:27:55]} 7. Bb2 {[%clk 1:21:38]} O-O
{[%clk 1:26:45]} 8. Nbd2 {[%clk 1:19:20]} cxd4 {[%clk 1:25:09]} 9. Nxd4
{[%clk 1:17:40]} Na6 {[%clk 1:19:29]} 10. c4 {[%clk 1:14:49]} Nc5
{[%clk 1:17:25]} 11. Bc2 {[%clk 1:14:25]} d5 {[%clk 1:15:06]} 12. Qe2
{[%clk 1:13:52]} dxc4 {[%clk 1:15:09]} 13. Nxc4 {[%clk 1:13:34]} Qd5
{[%clk 1:15:32]} 14. f3 {[%clk 1:13:14]} Ba6 {[%clk 1:15:42]} 15. e4
{[%clk 1:07:15]} Bxc4 {[%clk 1:13:11]} 16. bxc4 {[%clk 1:04:38]} Qh5
{[%clk 1:03:46]} 17. g4 {[%clk 0:59:25]} Qh4 {[%clk 1:00:55]} 18. Kh1
{[%clk 0:55:55]} Kh8 {[%clk 0:52:47]} 19. e5 {[%clk 0:49:26]} Nfd7
{[%clk 0:46:07]} 20. f4 {[%clk 0:49:06]} f6 {[%clk 0:45:02]} 21. Qg2
{[%clk 0:48:25]} fxe5 {[%clk 0:45:06]} 22. Nf3 {[%clk 0:47:46]} Qh6
{[%clk 0:44:53]} 23. Nxe5 {[%clk 0:47:09]} Nxe5 {[%clk 0:36:07]} 24. Bxe5
{[%clk 0:46:43]} Nd7 {[%clk 0:36:30]} 25. Bb2 {[%clk 0:45:34]} Rac8
{[%clk 0:34:27]} 26. g5 {[%clk 0:41:21]} Qh5 {[%clk 0:29:56]} 27. Rad1
{[%clk 0:35:19]} Rfd8 {[%clk 0:12:18]} 28. Rd3 {[%clk 0:25:12]} Rxc4
{[%clk 0:12:40]} 29. Rfd1 {[%clk 0:25:28]} Qe8 {[%clk 0:11:44]} 30. Qd2
{[%clk 0:12:25]} Nf8 {[%clk 0:05:42]} 31. Rxd8 {[%clk 0:10:19]} Bxd8
{[%clk 0:05:59]} 32. Qxd8 {[%clk 0:05:53]} Qc6+ {[%clk 0:06:14]} 33. Kg1
{[%clk 0:06:10]} Rxf4 {[%clk 0:06:17]} 34. Rd4 {[%clk 0:05:37]} Qc5
{[%clk 0:06:03]} 35. Kh1 {[%clk 0:04:33]} Qc6+ {[%clk 0:04:27]} 36. Be4
{[%clk 0:04:04]} Qb5 {[%clk 0:04:46]} 37. Bd3 {[%clk 0:04:05]} Qc6+
{[%clk 0:04:53]} 38. Kg1 {[%clk 0:04:03]} Rf7 {[%clk 0:04:07]} 39. g6
{[%clk 0:03:41]} Rf6 {[%clk 0:02:48]} 40. Rc4 {[%clk 0:33:03]} Rxg6+
{[%clk 0:30:39]} 41. Bxg6 {[%clk 0:33:01]} Qf3 {[%clk 0:31:06]} 42. Qd3
{[%clk 0:32:54]} Qb7 {[%clk 0:30:26]} 43. Bxh7 {[%clk 0:32:39]} b5
{[%clk 0:30:50]} 1-0

[Event "European Individual Chess Championship 2017"]
[Site "?"]
[Date "2017.06.09"]
[Round "10.86"]
[White "Esipenko, Andrey"]
[Black "Teclaf, Pawel"]
[Result "1-0"]
[BlackElo "2358"]
[WhiteElo "2509"]
[LiveChessVersion "1.4.8"]

1. d4 {[%clk 1:30:52]} Nf6 {[%clk 1:30:56]} 2. c4 {[%clk 1:31:14]} g6
{[%clk 1:31:23]} 3. Nc3 {[%clk 1:31:38]} d5 {[%clk 1:31:48]} 4. cxd5
{[%clk 1:31:45]} Nxd5 {[%clk 1:32:13]} 5. e4 {[%clk 1:32:08]} Nxc3
{[%clk 1:32:40]} 6. bxc3 {[%clk 1:32:33]} Bg7 {[%clk 1:33:04]} 7. Qa4+
{[%clk 1:32:57]} Nd7 {[%clk 1:33:29]} 8. Nf3 {[%clk 1:33:20]} O-O
{[%clk 1:33:24]} 9. Be2 {[%clk 1:33:44]} c5 {[%clk 1:32:26]} 10. O-O
{[%clk 1:33:09]} cxd4 {[%clk 1:32:02]} 11. cxd4 {[%clk 1:33:32]} Nc5
{[%clk 1:27:18]} 12. dxc5 {[%clk 1:33:54]} Bxa1 {[%clk 1:27:44]} 13. e5
{[%clk 1:34:18]} Qc7 {[%clk 1:22:09]} 14. Qf4 {[%clk 1:34:33]} f6
{[%clk 1:05:55]} 15. Qc4+ {[%clk 1:11:01]} e6 {[%clk 1:04:11]} 16. Bh6
{[%clk 1:10:05]} Bxe5 {[%clk 1:02:45]} 17. Bxf8 {[%clk 0:59:57]} Kxf8
{[%clk 1:02:26]} 18. Nxe5 {[%clk 0:55:22]} Qxe5 {[%clk 1:00:58]} 19. Rd1
{[%clk 0:54:43]} Ke7 {[%clk 0:45:27]} 20. Bf3 {[%clk 0:53:15]} a5
{[%clk 0:17:37]} 21. Qc1 {[%clk 0:49:57]} Qg5 {[%clk 0:08:51]} 22. Qa3
{[%clk 0:48:09]} Kf7 {[%clk 0:06:01]} 23. c6 {[%clk 0:40:46]} Qe5
{[%clk 0:03:36]} 24. cxb7 {[%clk 0:38:23]} Bxb7 {[%clk 0:03:55]} 25. Bxb7
{[%clk 0:38:16]} Rd8 {[%clk 0:04:20]} 26. Rf1 {[%clk 0:38:09]} Qb5
{[%clk 0:04:38]} 27. Bf3 {[%clk 0:37:42]} Rd3 {[%clk 0:04:23]} 28. Qc1
{[%clk 0:37:51]} Qd7 {[%clk 0:04:43]} 29. Qh6 {[%clk 0:37:41]} Kg8
{[%clk 0:05:11]} 30. h4 {[%clk 0:37:45]} Qd4 {[%clk 0:03:43]} 31. Rb1
{[%clk 0:37:37]} 1-0

[Event "European Individual Chess Championship 2017"]
[Site "?"]
[Date "2017.06.09"]
[Round "10.87"]
[White "Lavrov, Maxim"]
[Black "Dragnev, Valentin"]
[Result "1-0"]
[BlackElo "2508"]
[WhiteElo "2369"]
[LiveChessVersion "1.4.8"]

1. e4 {[%clk 1:30:56]} e5 {[%clk 1:30:00]} 2. Nf3 {[%clk 1:31:16]} Nc6
{[%clk 1:30:26]} 3. Bc4 {[%clk 1:31:30]} Bc5 {[%clk 1:30:49]} 4. d3
{[%clk 1:31:44]} Nf6 {[%clk 1:31:09]} 5. c3 {[%clk 1:31:59]} d6 {[%clk 1:28:57]}
6. Bb3 {[%clk 1:31:03]} a6 {[%clk 1:25:35]} 7. O-O {[%clk 1:30:36]} Ba7
{[%clk 1:26:01]} 8. Nbd2 {[%clk 1:30:35]} O-O {[%clk 1:26:25]} 9. Re1
{[%clk 1:30:36]} Ng4 {[%clk 1:25:12]} 10. Re2 {[%clk 1:30:09]} Kh8
{[%clk 1:25:37]} 11. h3 {[%clk 1:27:52]} f5 {[%clk 1:11:14]} 12. exf5
{[%clk 1:26:02]} Nh6 {[%clk 1:08:54]} 13. g4 {[%clk 1:20:04]} Nxf5
{[%clk 1:04:19]} 14. gxf5 {[%clk 1:19:31]} Bxf5 {[%clk 1:04:44]} 15. Nf1
{[%clk 0:47:15]} Bxh3 {[%clk 0:54:59]} 16. N1h2 {[%clk 0:46:52]} d5
{[%clk 0:33:43]} 17. Be3 {[%clk 0:38:39]} Rf6 {[%clk 0:24:18]} 18. Kh1
{[%clk 0:31:59]} Rg6 {[%clk 0:19:50]} 19. Ne1 {[%clk 0:21:23]} Na5
{[%clk 0:15:36]} 20. Bxa7 {[%clk 0:16:35]} Rxa7 {[%clk 0:14:44]} 21. Rxe5
{[%clk 0:16:28]} Nxb3 {[%clk 0:13:39]} 22. axb3 {[%clk 0:16:40]} Rf6
{[%clk 0:10:41]} 23. Qh5 {[%clk 0:16:24]} Be6 {[%clk 0:11:09]} 24. Nef3
{[%clk 0:16:04]} Bf7 {[%clk 0:10:47]} 25. Qh4 {[%clk 0:15:40]} Qd7
{[%clk 0:10:25]} 26. Rae1 {[%clk 0:15:29]} Ra8 {[%clk 0:10:54]} 27. Re7
{[%clk 0:14:28]} Qf5 {[%clk 0:11:21]} 28. Ne5 {[%clk 0:12:20]} Bg8
{[%clk 0:11:20]} 29. Qg3 {[%clk 0:12:40]} 1-0

[Event "European Individual Chess Championship 2017"]
[Site "?"]
[Date "2017.06.09"]
[Round "10.88"]
[White "Korobov, Anton"]
[Black "Maliush, Andrei"]
[Result "1/2-1/2"]
[BlackElo "2286"]
[WhiteElo "2688"]
[LiveChessVersion "1.4.8"]

1. d4 {[%clk 1:29:58]} d5 {[%clk 1:30:57]} 2. Bf4 {[%clk 1:30:19]} Nf6
{[%clk 1:31:10]} 3. Nf3 {[%clk 1:30:41]} c6 {[%clk 1:31:24]} 4. e3
{[%clk 1:30:47]} e6 {[%clk 1:31:46]} 5. c4 {[%clk 1:30:27]} Nbd7 {[%clk 1:24:28]}
6. Nc3 {[%clk 1:29:49]} Be7 {[%clk 1:24:53]} 7. h3 {[%clk 1:28:51]} O-O
{[%clk 1:25:11]} 8. Rc1 {[%clk 1:29:02]} Ne4 {[%clk 1:22:04]} 9. Bd3
{[%clk 1:25:20]} f5 {[%clk 1:21:54]} 10. O-O {[%clk 1:25:21]} Ndf6
{[%clk 1:17:04]} 11. Ne5 {[%clk 1:24:37]} Nd7 {[%clk 1:15:44]} 12. Ne2
{[%clk 1:22:12]} Nxe5 {[%clk 1:14:45]} 13. Bxe5 {[%clk 1:22:36]} Bd7
{[%clk 1:09:22]} 14. Qc2 {[%clk 1:19:37]} Ng5 {[%clk 1:03:14]} 15. a3
{[%clk 1:13:20]} Nf7 {[%clk 1:03:26]} 16. Bf4 {[%clk 1:12:38]} Bd6
{[%clk 1:00:23]} 17. Kh1 {[%clk 0:59:48]} Kh8 {[%clk 0:59:18]} 18. cxd5
{[%clk 0:55:28]} cxd5 {[%clk 0:59:42]} 19. Qd2 {[%clk 0:55:15]} Qb6
{[%clk 0:59:05]} 20. Ng1 {[%clk 0:54:51]} Bxf4 {[%clk 0:59:04]} 21. exf4
{[%clk 0:55:13]} Qxd4 {[%clk 0:58:51]} 22. Nf3 {[%clk 0:51:12]} Qb6
{[%clk 0:59:15]} 23. b4 {[%clk 0:50:37]} Rac8 {[%clk 0:59:06]} 24. Kg1
{[%clk 0:50:45]} Kg8 {[%clk 0:59:09]} 25. b5 {[%clk 0:49:45]} Qd6
{[%clk 0:59:24]} 26. a4 {[%clk 0:49:09]} Rxc1 {[%clk 0:58:26]} 27. Rxc1
{[%clk 0:49:37]} Rc8 {[%clk 0:58:43]} 28. Rxc8+ {[%clk 0:47:53]} Bxc8
{[%clk 0:59:09]} 29. Qc3 {[%clk 0:44:53]} Bd7 {[%clk 0:59:37]} 30. g3
{[%clk 0:45:13]} b6 {[%clk 1:00:01]} 31. Ne5 {[%clk 0:41:30]} Nxe5
{[%clk 1:00:22]} 32. Qxe5 {[%clk 0:41:53]} Qxe5 {[%clk 0:59:56]} 33. fxe5
{[%clk 0:42:21]} g5 {[%clk 1:00:10]} 34. Kf1 {[%clk 0:40:28]} Be8
{[%clk 1:00:22]} 35. Be2 {[%clk 0:36:59]} Kg7 {[%clk 0:55:03]} 36. Ke1
{[%clk 0:34:38]} h5 {[%clk 0:54:27]} 37. f3 {[%clk 0:34:14]} Bg6 {[%clk 0:54:02]}
38. Kd2 {[%clk 0:33:14]} g4 {[%clk 0:51:35]} 39. fxg4 {[%clk 0:31:58]} fxg4
{[%clk 0:46:07]} 40. h4 {[%clk 0:59:05]} Be4 {[%clk 1:15:25]} 41. Bd1
{[%clk 0:59:03]} 1/2-1/2

[Event "European Individual Chess Championship 2017"]
[Site "?"]
[Date "2017.06.09"]
[Round "10.90"]
[White "Bartel, Mateusz"]
[Black "Minko, Vladimir"]
[Result "1-0"]
[BlackElo "2438"]
[WhiteElo "2637"]
[LiveChessVersion "1.4.8"]

1. e4 {[%clk 1:30:56]} c5 {[%clk 1:23:42]} 2. Nf3 {[%clk 1:31:16]} e6
{[%clk 1:24:02]} 3. b3 {[%clk 1:31:43]} a6 {[%clk 1:23:15]} 4. Bb2
{[%clk 1:29:54]} Nc6 {[%clk 1:20:51]} 5. g3 {[%clk 1:18:59]} d6 {[%clk 1:17:19]}
6. d4 {[%clk 1:19:11]} cxd4 {[%clk 1:17:06]} 7. Nxd4 {[%clk 1:19:38]} Qc7
{[%clk 1:17:08]} 8. Bg2 {[%clk 1:19:12]} Nxd4 {[%clk 1:04:26]} 9. Qxd4
{[%clk 1:19:01]} Qxc2 {[%clk 1:03:25]} 10. Na3 {[%clk 1:17:57]} Qc5
{[%clk 1:00:37]} 11. Qd2 {[%clk 0:55:42]} b5 {[%clk 0:58:26]} 12. O-O
{[%clk 0:54:02]} Bb7 {[%clk 0:57:15]} 13. Rfc1 {[%clk 0:49:53]} Qb6
{[%clk 0:56:19]} 14. Bc3 {[%clk 0:48:51]} Bc6 {[%clk 0:51:38]} 15. Ba5
{[%clk 0:47:40]} Qb7 {[%clk 0:46:06]} 16. Rxc6 {[%clk 0:48:02]} Qxc6
{[%clk 0:45:41]} 17. Rc1 {[%clk 0:48:30]} Qb7 {[%clk 0:29:36]} 18. Rc7
{[%clk 0:48:57]} Qb8 {[%clk 0:30:02]} 19. e5 {[%clk 0:37:24]} d5 {[%clk 0:29:32]}
20. Bxd5 {[%clk 0:37:49]} exd5 {[%clk 0:29:53]} 21. Qxd5 {[%clk 0:38:15]} Be7
{[%clk 0:29:20]} 22. Nc2 {[%clk 0:38:20]} Qd8 {[%clk 0:13:10]} 23. Qc6+
{[%clk 0:38:07]} Kf8 {[%clk 0:13:34]} 24. Ne3 {[%clk 0:31:38]} Qe8
{[%clk 0:11:27]} 25. Qc3 {[%clk 0:30:12]} Rd8 {[%clk 0:06:08]} 26. Nf5
{[%clk 0:30:38]} g6 {[%clk 0:06:23]} 27. Nxe7 {[%clk 0:27:53]} Nxe7
{[%clk 0:06:35]} 28. Bb4 {[%clk 0:28:16]} Rd1+ {[%clk 0:01:45]} 29. Kg2
{[%clk 0:28:44]} Qa8+ {[%clk 0:02:09]} 30. f3 {[%clk 0:26:45]} Qd5
{[%clk 0:01:28]} 31. Bxe7+ {[%clk 0:27:00]} Ke8 {[%clk 0:00:38]} 32. Bg5
{[%clk 0:27:27]} 1-0

[Event "European Individual Chess Championship 2017"]
[Site "?"]
[Date "2017.06.09"]
[Round "10.91"]
[White "Oleksiyenko, Mykhaylo"]
[Black "Basso, Pier Luigi"]
[Result "1/2-1/2"]
[BlackElo "2447"]
[WhiteElo "2636"]
[LiveChessVersion "1.4.8"]

1. Nf3 {[%clk 1:30:58]} d5 {[%clk 1:30:52]} 2. g3 {[%clk 1:31:13]} Nf6
{[%clk 1:30:59]} 3. Bg2 {[%clk 1:31:38]} e6 {[%clk 1:31:19]} 4. O-O
{[%clk 1:31:47]} Be7 {[%clk 1:31:44]} 5. d3 {[%clk 1:31:51]} b6 {[%clk 1:31:59]}
6. Nbd2 {[%clk 1:29:36]} Bb7 {[%clk 1:32:21]} 7. e4 {[%clk 1:26:44]} dxe4
{[%clk 1:32:45]} 8. Ng5 {[%clk 1:26:56]} Qc8 {[%clk 1:21:24]} 9. Ndxe4
{[%clk 1:25:23]} Nbd7 {[%clk 1:13:17]} 10. Qf3 {[%clk 1:19:58]} Rb8
{[%clk 1:12:03]} 11. Qe2 {[%clk 1:20:09]} h6 {[%clk 1:09:56]} 12. Nxf6+
{[%clk 1:19:21]} Nxf6 {[%clk 1:10:13]} 13. Nf3 {[%clk 1:19:17]} O-O
{[%clk 1:10:08]} 14. d4 {[%clk 1:18:10]} Bd6 {[%clk 1:03:13]} 15. c4
{[%clk 1:16:07]} c5 {[%clk 1:00:32]} 16. dxc5 {[%clk 1:09:14]} Qxc5
{[%clk 1:00:14]} 17. Be3 {[%clk 1:06:33]} Qc7 {[%clk 0:57:34]} 18. Rad1
{[%clk 1:05:21]} Rbd8 {[%clk 0:56:27]} 19. Nd4 {[%clk 0:59:00]} Bxg2
{[%clk 0:56:16]} 20. Kxg2 {[%clk 0:59:27]} Bc5 {[%clk 0:47:53]} 21. Nb5
{[%clk 0:56:52]} Qe5 {[%clk 0:41:49]} 22. Nc3 {[%clk 0:47:08]} 1/2-1/2